000 01004nam a2200289 a 4500
001 36292
003 BD-RjUL
005 20211209052451.0
008 140619s1969 enkb b 001 0 eng d
020 _a0269670963
035 _a(BD-RjUL)36389
040 _aPRW
_cPRW
_dm/c
_dEQO
_beng
041 1 _aeng
_hfre
082 _a320.947
_bSOS 1969
090 _aHN523
_b.S6413 1969b
100 1 _aSorlin, Pierre.
_9110456
245 1 4 _aThe Soviet people and their society :
_bfrom 1917 to the present /
_cPierre Sorlin ; translated by Daniel Weissbort.
260 _aLondon :
_bPall Mall Press,
_c1969.
300 _ax, 293 p. :
_bmaps ;
_c21 cm
500 _aTranslation of: La Société soviétique, 1917-1967.
504 _aBibliography: p. 269-280. - Includes index.
651 0 _aSoviet Union
_xSocial conditions
_y1917-1945
_9110457
651 0 _aSoviet Union
_xEconomic policy.
_9110458
651 0 _aSoviet Union
_xHistory.
_9110459
942 _2ddc
_cBK
999 _c36292
_d36292